Statistics for BLITZ 38

Click here to take the quiz!

General Stats

  • This quiz has been taken 7 times
  • The average score is 18 of 24

Answer Stats

DefinitionAnswer% Correct
the stuff we breatheair
100%
to be knowledgable about what is going on around youaware
100%
a object usually with four legs to sit uponchair
100%
the stuff on top of your head (and on your legs and underarms eventually)hair
100%
hops like and related to a rabbithare
100%
two of somethingpair
100%
steps going upstair
100%
to glare or gaze intently at someonestare
100%
a hub for airplanes from which one boards a planeairport
83%
to be naked, like tree that has lost its leavesbare
83%
to go to the Iowa State ___. a place with vendors, entertainment and ridesfair
83%
female horsemare
83%
one's mom or dadparent
83%
a fruit that is yellow to green (rarely red) juicypear
83%
to be frightened , to get a ____scare
83%
to put on clothes and leave onwear
83%
to stare with unfriendly intent, to reflect intenselyglare
67%
your mom or dad's mom or dadgrandparent
67%
to not be awareunaware
67%
that amount you pay to buy a ticket on a planeairfare
50%
a flying machine made to transport peopleairplane
50%
the opposite of carefulcareless
50%
be warnedbeware
17%
the outer part of a bear, a rug made from a bearbearskin
0%

Score Distribution

Percentile by Number Answered

Percent of People with Each Score

Your Score History

You have not taken this quiz